Vtoroj Kubanskij pochod i osvoboždenije Severnogo Kavkaza

Bibliographic Details
Other Authors: Volkov, Sergej Vladimirovič (Compiler, auv, edi)
Format: Book
Language:Russian
PhysicalDescription:638 s., [8] s. fotogr. príl. fotogr. 22 cm
Published: Moskva Centrpoligraf 2002
ISBN:5227016526
Series:Rossija zabytaja i neizvestnaja. Beloje dviženije
Subjects:

MARC

LEADER 00000nam a2200000 a 4500
001 vtls001447024
003 SK-MaSNL
005 20260302002158.0
008 021220sm y0 RU ac r 0 rus
020 |a 5227016526 
035 |a SNK000402280 
040 |a SNK  |b slo  |c SNK  |e AACR2 
043 |a e-ur-ru 
044 |a RU 
072 7 |a 355/359  |x Vojenstvo. Obrana krajiny. Ozbrojené sily  |2 konspekt 
080 |a 355-051  |2 1981 
080 |a 355.426  |2 1981 
080 |a 94(470+571)"1918/1921"  |2 1981 
080 |a (048.8)  |2 1981 
080 |a 929  |2 1981 
245 1 |a Vtoroj Kubanskij pochod i osvoboždenije Severnogo Kavkaza  |c [sostavlenije, naučnaja redkcija i kommentarii Sergeja Vladimiroviča Volkova] 
260 |a Moskva  |b Centrpoligraf  |c 2002 
300 |a 638 s., [8] s. fotogr. príl.  |b fotogr.  |c 22 cm 
490 1 |a Rossija zabytaja i neizvestnaja. Beloje dviženije  |v 6 
650 0 7 |a vojaci  |2 SNKPH  |9 20587 
650 0 7 |a občianske vojny  |2 SNKPH  |9 57111 
650 0 7 |a ruská občianska vojna (1918-1921)  |2 SNKPH  |9 166888 
651 7 |a Kubáň (Rusko)  |x dejiny  |y 1918-1921  |2 SNKPH  |9 639219 
655 7 |a biografie  |2 SNKPH  |9 27965 
655 7 |a štúdie  |2 SNKPH  |9 57033 
700 1 |a Volkov, Sergej Vladimirovič  |4 zos  |4 auv  |4 edi  |9 301980 
830 0 |a Rossija zabytaja i neizvestnaja. Beloje dviženije  |9 299818 
919 |a 5-227-01652-6 
999 |c 986923  |d 988853 
952 |t P60, <04>, [BOOK], {604}  |a SNK  |b SNK  |y VYP  |7 0  |p 17A0378097  |o snkIC 130726  |i snkV 645/2003  |0 0  |1 0  |4 0  |d 2003-04-04  |l 0  |r 2005-01-02 00:00:00  |w 2026-02-24